000 01935nam a22004457a 4500
003 CHAP
005 20220329134740.0
008 971013s1979 r 00010 d
010 _a25240
011 _a26212
035 _a30312
040 _cCHAP
082 _a574.87
_bB76Y 1974
100 0 0 _aBrown, Walter V.
_915704
245 _aCitología
260 _aBarcelona :
_bOmega,
_c1979
300 _a529 p.
_b: ilus. ; gráfs.
500 _aTrad. de la 2 ed. en inglés de 1974
590 _aBATCH-UPD
_b10
_c20130110
_lUCH01
_h1847
590 _aBATCH-UPD
_b10
_c20130410
_lUCH01
_h1217
590 _aBATCH-UPD
_b10
_c20130914
_lUCH01
_h0942
590 _aCONVERSION
_b10
_c20130109
_lUCH01
_h1315
650 1 4 _aCitología.
_923489
700 0 _aBertke, Eldridge M.
_912012
901 _aBK
942 _cLIBRO
949 _a574.87 B76Y 1974
_bBC
_cLIBRO
_d-141499
_eLIBRO
_fc.5
_h48661
_i30312
_si
949 _a574.87 B76Y 1974
_bBC
_cLIBRO
_d-141505
_eLIBRO
_fc.11
_h48666
_i30312
_si
949 _a574.87 B76Y 1974
_bBC
_cLIBRO
_d-141506
_eLIBRO
_fc.13
_h82223
_i30312
_si
949 _a574.87 B76Y 1974
_bBC
_cLIBRO
_d33724000473336
_eLIBRO
_fc.6
_h40661
_i30312
_si
949 _a574.87 B76Y 1974
_bBC
_cLIBRO
_d33724000473351
_eLIBRO
_fc.4
_h48660
_i30312
_si
949 _a574.87 B76Y 1974
_bBC
_cLIBRO
_d33724000473369
_eLIBRO
_fc.2
_h48658
_i30312
_si
949 _a574.87 B76Y 1974
_bBC
_cLIBRO
_d33724000579975
_eLIBRO
_fc.3
_h48659
_i30312
_si
949 _a574.87 B76Y 1974
_bBC
_cLIBRO
_d33724000678033
_eLIBRO
_fc.10
_h48665
_i30312
_si
949 _a574.87 B76Y 1974
_bBC
_cLIBRO
_d33724000679908
_eLIBRO
_fc.7
_h48662
_i30312
_si
949 _a574.87 B76Y 1974
_bBC
_cLIBRO
_d33724000695839
_eLIBRO
_h47103
_i30312
_si
949 _a574.87 B76Y 1974
_bBC
_cLIBRO
_d33724000802641
_eLIBRO
_fc.8
_h48664
_i30312
_si
949 _a574.87 B76Y 1974
_bBC
_cLIBRO
_d33724000889010
_eLIBRO
_fc.12
_h82223
_i30312
_si
949 _a574.87 B76Y 1974
_bBC
_cMUT
_d-141503
_eMUT
_fc.9
_h48663
_i30312
_si
999 _c25240
_d25240